مكتبة جامعة عجلون الوطنية

فهرس بحث المكتبة

Normal view MARC view
  • علم نفس الطفل-دوائر معارف-طب نفس الاطفال

Entry Topical Term

Number of records used in: 1

001 - CONTROL NUMBER

  • control field: 38195

003 - CONTROL NUMBER IDENTIFIER

  • control field: JO-AjAnu

005 - DATE AND TIME OF LATEST TRANSACTION

  • control field: 20230606080349.0

008 - FIXED-LENGTH DATA ELEMENTS

  • fixed length control field: 230606|| aca||aabn | a|a d

040 ## - CATALOGING SOURCE

  • Original cataloging agency: JO-AjAnu
  • Transcribing agency: JO-AjAnu

150 ## - HEADING--TOPICAL TERM

  • Topical term or geographic name entry element: علم نفس الطفل-دوائر معارف-طب نفس الاطفال

670 ## - SOURCE DATA FOUND

  • Source citation: Work cat.: (JO-AjAnu)19594: فضلي، عدنان عباس ؛ اعداد جزراوي،ميري عيسى, author 38194, دليل الموسوعة المختصرة في علم النفس وطب نفس الأطفال الخاصة بالأطفال المعوقين وبطيئ التعلم